000 00860nam a2200229 i 4500
001 bg
111 2 _aInternational Symposium on Creep and Coupled Processes
_n(6 ;
_d1998 ;
_cBialowieza).
245 0 0 _aSixth International Symposium on Creep and Coupled Processes :
_b23-25 September, Bialowieza (Poland) : proceedings /
_cedts Anatoliusz Jakowluk, Zenon Mróz.
260 _aBialystok :
_bTechnical University of Bialystok,
_c1998.
300 _a466 s. :
_brys., wykr. ;
_c24 cm.
504 _aBibliogr. przy ref.
650 9 _aWytrzymałość materiałów
650 9 _aNaprężenia i odkształcenia
655 _aMateriały konferencyjne
700 1 _aJakowluk, Anatoliusz
_d(1929- ).
_eRed.
700 1 _aMróz, Zenon.
_eRed.
040 _cBPK
041 0 _aen
080 _a539.3/.6(061)
942 _cKS
008 s pl f |000 0 pol
999 _c37847
_d37847
856 _uhttp://koha.tu.koszalin.pl/cgi-bin/koha/opac-detail.pl?biblionumber=37847
_yKatalog online BPK